00421nmm a2200157Ia 4500008004100000041000800041100002000049245001600069264004900085300001800134490001400152650002200166856005100188942000700239999001700246251105s9999||||xx |||||||||||||||||und|| aspa aCrusafont, Anna 0aIsola Bella a[Madrid, España] :bRoca Editorial, c2012 a183 páginas aNarrativa aSpanish narrative uhttps://public.digitaliapublishing.com/a/33503 cCF c99992d99992